| 000 | 00407nam a2200169Ia 4500 | ||
|---|---|---|---|
| 001 | 4049 | ||
| 003 | IN-NITTTR | ||
| 005 | 20251114232955.0 | ||
| 008 | 251113s9999||||xx |||||||||||||| ||eng|| | ||
| 040 | _beng | ||
| 040 | _cIN-NITTTR | ||
| 041 | _aeng | ||
| 082 | _a658.4032 S34P | ||
| 100 | _aSrinath, L. S. | ||
| 245 | 0 |
_aPERT and CPM : _b principles and applications. / _cSrinath, L. S. |
|
| 942 |
_2ddc _cBK |
||
| 999 |
_c6530 _d6530 |
||